[Event "Lindores Abbey Tal Blitz 2021"]
[Site "Riga"]
[Date "2021.11.08"]
[Round "1.23"]
[White "Gunina, Valentina"]
[Black "Kravtsiv, Martyn"]
[Result "0-1"]
[WhiteElo "2480"]
[BlackElo "2616"]
[Annotator "ChessBase"]
[PlyCount "112"]
[EventDate "2021.11.02"]
[EventType "swiss"]
[EventCountry "LAT"]
[SourceTitle "playchess.com"]
[Source "ChessBase"]
[SourceQuality "1"]

1. d4 Nf6 2. c4 e6 3. Nf3 d5 4. Nc3 Nbd7 5. Bf4 Bb4 6. a3 Bxc3+ 7. bxc3 c5 8.
cxd5 exd5 9. e3 c4 10. Be2 O-O 11. O-O Re8 12. Nd2 Qa5 13. Qc2 Nb6 14. Bd6 Qa4
15. Qb1 Qc6 16. Be5 Ne4 17. Nxe4 dxe4 18. f3 f6 19. Bg3 Nd5 20. fxe4 Nxc3 21.
Qc2 Nxe2+ 22. Qxe2 Rxe4 23. d5 Qc5 24. Kh1 Bd7 25. Rab1 b5 26. Qd2 Qxe3 27. Qb4
Qb6 28. a4 a6 29. Bf2 Qb7 30. Qd6 Rae8 31. Bg3 Re2 32. axb5 axb5 33. Qc5 c3 34.
Rg1 Qc8 35. Qd4 c2 36. Rbc1 Qc4 37. Qxc4 bxc4 38. Bf4 g5 39. Bc7 Rd2 40. Rgf1
Rxd5 41. Rxc2 Bb5 42. Bg3 Re6 43. h3 Kf7 44. Ra1 Kg6 45. Bf2 Rd3 46. Rb1 Ba6
47. Ra1 h5 48. Kg1 h4 49. Rca2 c3 50. Rc2 Red6 51. Be1 Rd1 52. Rcc1 c2 53. Kf2
Bb5 54. Kg1 Ba4 55. Kf2 Rxc1 56. Rxc1 Rd1 0-1

[Event "Lindores Abbey Tal Blitz 2021"]
[Site "Riga"]
[Date "2021.11.08"]
[Round "1.24"]
[White "Martirosyan, Haik M."]
[Black "Arabidze, Meri"]
[Result "1-0"]
[WhiteElo "2624"]
[BlackElo "2441"]
[Annotator "ChessBase"]
[PlyCount "99"]
[EventDate "2021.11.02"]
[EventType "swiss"]
[EventCountry "LAT"]
[SourceTitle "playchess.com"]
[Source "ChessBase"]
[SourceQuality "1"]

1. d4 Nf6 2. c4 e6 3. Nf3 b6 4. g3 Bb7 5. Bg2 Be7 6. O-O O-O 7. Nc3 Ne4 8. Bd2
Nxd2 9. Qxd2 d6 10. e4 Nd7 11. d5 e5 12. b4 g6 13. Qc2 Bf6 14. Nd2 a5 15. a3
Bg7 16. Nb3 f5 17. bxa5 bxa5 18. a4 c6 19. exf5 cxd5 20. fxg6 e4 21. gxh7+ Kh8
22. Rad1 dxc4 23. Nd4 Nc5 24. Nxe4 Nxe4 25. Bxe4 Bxe4 26. Qxe4 d5 27. Qg2 Qd7
28. Nb5 Rad8 29. Rc1 Qf5 30. Rfd1 Qf7 31. Qf1 Rd7 32. Rc2 Rfd8 33. Qe2 d4 34.
Qxc4 Qg6 35. Rcd2 d3 36. Nc3 Bh6 37. f4 Bg7 38. Kg2 Rd4 39. Qb5 Rxf4 40. Rxd3
Rdf8 41. Qc5 R4f5 42. Qa7 Qf6 43. Ne4 Qe5 44. Re1 Kxh7 45. Ng5+ Rxg5 46. Rxe5
Rxe5 47. Rd7 Rg5 48. Qe3 Rg6 49. Qe4 Kh6 50. Qh4# 1-0

[Event "Lindores Abbey Tal Blitz 2021"]
[Site "Riga"]
[Date "2021.11.08"]
[Round "1.25"]
[White "Tregubov, Pavel V."]
[Black "Sjugirov, Sanan"]
[Result "0-1"]
[WhiteElo "2537"]
[BlackElo "2663"]
[Annotator "ChessBase"]
[PlyCount "146"]
[EventDate "2021.11.02"]
[EventType "swiss"]
[EventCountry "LAT"]
[SourceTitle "playchess.com"]
[Source "ChessBase"]
[SourceQuality "1"]

1. e4 c5 2. Nf3 d6 3. Bb5+ Nd7 4. Ba4 Ngf6 5. O-O e6 6. Re1 Be7 7. c3 a6 8. d4
b5 9. Bc2 Bb7 10. Nbd2 Qc7 11. e5 dxe5 12. dxe5 Nd5 13. Ne4 h6 14. a4 Rd8 15.
Qe2 Bc6 16. Ng3 N5b6 17. axb5 axb5 18. Nh5 g6 19. Nf4 Bxf3 20. Qxf3 Nxe5 21.
Qg3 Bd6 22. Qh3 Qe7 23. Ra6 Rb8 24. b3 h5 25. Be4 O-O 26. Be3 Ng4 27. Bc1 Qf6
28. Qf3 Rfd8 29. h3 Ne5 30. Qe2 c4 31. b4 Bc7 32. Ra7 Rd7 33. Be3 Rbd8 34. Bd4
Qxf4 35. g3 Qg5 36. Rxc7 Rxc7 37. Bxb6 Rcd7 38. Bxd8 Rxd8 39. h4 Qf6 40. Qe3
Ng4 41. Qf3 Qxf3 42. Bxf3 Rd3 43. Bxg4 hxg4 44. Re5 Rd5 45. Re4 Kg7 46. Rxg4 e5
47. Re4 f5 48. Re1 Kf6 49. Ra1 Rd3 50. Ra5 Rxc3 51. Rxb5 Rc1+ 52. Kg2 Rc2 53.
Rc5 e4 54. Kf1 Ke6 55. b5 Kd6 56. Rc6+ Kd5 57. Rxg6 Rb2 58. Rf6 c3 59. Rc6 Kd4
60. b6 Kd3 61. h5 c2 62. Kg2 Rxb6 63. Rc8 Rh6 64. Rd8+ Ke2 65. Rc8 Kd2 66. Rd8+
Kc1 67. Rd5 Rxh5 68. Rc5 Kd2 69. Rd5+ Kc3 70. Rc5+ Kd3 71. Rc8 Rh6 72. Rd8+ Kc3
73. Rc8+ Kd2 0-1

[Event "Lindores Abbey Tal Blitz 2021"]
[Site "Riga"]
[Date "2021.11.08"]
[Round "1.26"]
[White "Matlakov, Maxim"]
[Black "Harika, Dronavalli"]
[Result "1/2-1/2"]
[WhiteElo "2691"]
[BlackElo "2511"]
[Annotator "TA"]
[PlyCount "108"]
[EventDate "2021.11.02"]
[EventType "swiss"]
[EventCountry "LAT"]
[SourceTitle "playchess.com"]
[Source "ChessBase"]
[SourceQuality "1"]

1. e4 e6 2. d4 d5 3. exd5 exd5 4. Nf3 Nf6 5. Bd3 Bd6 6. O-O O-O 7. h3 c6 8. Bg5
h6 9. Bh4 Re8 10. Re1 Rxe1+ 11. Qxe1 Nbd7 12. Nbd2 Nf8 13. Ne5 Be7 14. Qe2 Be6
15. Re1 N6d7 16. Bxe7 Qxe7 17. f4 Nxe5 18. dxe5 Re8 19. f5 Bc8 20. Qf2 Qb4 21.
b3 b6 22. Nf3 c5 23. f6 g6 24. Qe3 Kh7 25. c3 d4 26. Qxh6+ Kxh6 27. cxb4 Bf5
28. Bc4 Be6 29. Bd3 Bf5 30. Bb5 Rd8 31. g4 Be6 32. bxc5 bxc5 33. Kf2 Bd5 34. h4
Ne6 35. Kg3 a6 36. g5+ Kh7 37. Bd3 Kg8 38. Nh2 a5 39. Ng4 a4 40. Nh6+ Kf8 41.
h5 axb3 42. hxg6 fxg6 43. axb3 Bxb3 44. Bxg6 d3 45. Bxd3 Rxd3+ 46. Kg4 Nd4 47.
g6 Be6+ 48. Kf4 Rf3+ 49. Ke4 Rh3 50. Ra1 Rh4+ 51. Kd3 Rh3+ 52. Ke4 Rh4+ 53. Kd3
Rh3+ 54. Ke4 Rh4+ 1/2-1/2

[Event "Lindores Abbey Tal Blitz 2021"]
[Site "Riga"]
[Date "2021.11.08"]
[Round "1.27"]
[White "Miezis, Normunds"]
[Black "Grandelius, Nils"]
[Result "0-1"]
[WhiteElo "2446"]
[BlackElo "2669"]
[Annotator "ChessBase"]
[PlyCount "68"]
[EventDate "2021.11.02"]
[EventType "swiss"]
[EventCountry "LAT"]
[SourceTitle "playchess.com"]
[Source "ChessBase"]
[SourceQuality "1"]

1. c4 e6 2. e4 c5 3. Nc3 Nc6 4. g3 g6 5. Bg2 Bg7 6. Nge2 Nge7 7. d3 d6 8. Rb1
b6 9. Be3 Bb7 10. d4 O-O 11. O-O e5 12. dxe5 dxe5 13. Nd5 Nxd5 14. exd5 Nd4 15.
b4 Ba6 16. b5 Bc8 17. f4 Bg4 18. Bxd4 exd4 19. h3 Bf5 20. Rb3 h5 21. Nc1 a6 22.
g4 hxg4 23. hxg4 Bd7 24. bxa6 Ba4 25. Nd3 Rxa6 26. f5 Bxb3 27. axb3 Qg5 28. Re1
gxf5 29. gxf5 Ra2 30. Qf3 Rfa8 31. d6 Rd8 32. Nf4 d3 33. Nd5 Bd4+ 34. Kh1 Qh4+
0-1

[Event "Lindores Abbey Tal Blitz 2021"]
[Site "Riga"]
[Date "2021.11.08"]
[Round "1.29"]
[White "Dzagnidze, Nana"]
[Black "Moussard, Jules"]
[Result "0-1"]
[WhiteElo "2524"]
[BlackElo "2632"]
[Annotator "ChessBase"]
[PlyCount "89"]
[EventDate "2021.11.02"]
[EventType "swiss"]
[EventCountry "LAT"]
[SourceTitle "playchess.com"]
[Source "ChessBase"]
[SourceQuality "1"]

1. d4 Nf6 2. c4 e6 3. Nc3 Bb4 4. e3 O-O 5. Bd3 d5 6. a3 Bxc3+ 7. bxc3 dxc4 8.
Bxc4 c5 9. Ne2 Qc7 10. Ba2 Rd8 11. O-O Nc6 12. Ng3 b6 13. Qe2 e5 14. dxc5 Na5
15. e4 Qxc5 16. Bg5 Bg4 17. Qb2 Rd6 18. h3 Bd7 19. Rad1 h6 20. Bxf6 gxf6 21.
Qc1 Kf8 22. Qxh6+ Ke7 23. Qh5 Rf8 24. Rxd6 Qxd6 25. Rd1 Qc6 26. Bd5 Qc7 27. Qh6
Qd6 28. Qh5 Qc7 29. Nf5+ Bxf5 30. Qxf5 Qxc3 31. Ba2 Qc6 32. h4 Qa4 33. Rc1 Qd7
34. Qf3 Nb7 35. Rd1 Nd6 36. h5 Rg8 37. g3 Qg4 38. Qd3 Rd8 39. Qc2 Qxh5 40. Qc7+
Rd7 41. Qc2 Qf3 42. Bb1 Qxa3 43. Ba2 Qc5 44. Qb3 a5 45. Rb1 0-1

[Event "Lindores Abbey Tal Blitz 2021"]
[Site "Riga"]
[Date "2021.11.08"]
[Round "1.31"]
[White "Saduakassova, Dinara"]
[Black "Ponkratov, Pavel"]
[Result "0-1"]
[WhiteElo "2491"]
[BlackElo "2662"]
[Annotator "ChessBase"]
[PlyCount "110"]
[EventDate "2021.11.02"]
[EventType "swiss"]
[EventCountry "LAT"]
[SourceTitle "playchess.com"]
[Source "ChessBase"]
[SourceQuality "1"]

1. d4 Nf6 2. Nf3 c5 3. d5 b5 4. a4 Qa5+ 5. Bd2 b4 6. c4 g6 7. Qc2 Bg7 8. e4 d6
9. Bd3 O-O 10. O-O Qc7 11. Bg5 h6 12. Bf4 Nh5 13. Be3 e5 14. dxe6 Bxe6 15. Nbd2
Nc6 16. Nb3 Bg4 17. Be2 Rae8 18. h3 Bc8 19. Rad1 Nf6 20. Bd3 Kh7 21. Rfe1 Nd7
22. Bf1 Nb6 23. Nc1 f5 24. exf5 Bxf5 25. Bd3 Bxd3 26. Nxd3 Rxf3 27. gxf3 Qf7
28. b3 Qf5 29. Kg2 Nd7 30. Re2 Rf8 31. Nf4 Qg5+ 32. Kh1 Rxf4 33. Bxf4 Qxf4 34.
Qe4 Qxe4 35. Rxe4 Bd4 36. Re6 Be5 37. Rdxd6 Bxd6 38. Rxd6 Ncb8 39. f4 Kg7 40.
Kg2 Kf7 41. Kf3 Nf8 42. Ke4 Ke7 43. Rd5 Nbd7 44. Ke3 Ne6 45. f5 gxf5 46. Rxf5
Nd4 47. Rh5 Nxb3 48. Rxh6 Na5 49. f4 Nxc4+ 50. Kd3 Nd6 51. Rh7+ Ke6 52. h4 c4+
53. Kd4 c3 54. Kd3 Nc5+ 55. Kc2 Nde4 0-1

[Event "Lindores Abbey Tal Blitz 2021"]
[Site "Riga"]
[Date "2021.11.08"]
[Round "1.32"]
[White "Paravyan, David"]
[Black "Muzychuk, Mariya"]
[Result "1-0"]
[WhiteElo "2642"]
[BlackElo "2536"]
[Annotator "ChessBase"]
[PlyCount "49"]
[EventDate "2021.11.02"]
[EventType "swiss"]
[EventCountry "LAT"]
[SourceTitle "playchess.com"]
[Source "ChessBase"]
[SourceQuality "1"]

1. e4 e5 2. Nf3 Nc6 3. Nc3 Nf6 4. d4 exd4 5. Nxd4 Bb4 6. Nxc6 bxc6 7. Bd3 O-O
8. O-O d5 9. exd5 cxd5 10. Bg5 Be6 11. h3 h6 12. Bh4 Re8 13. Bb5 Rf8 14. Ne2
Rb8 15. Nd4 Rb6 16. Ba4 Be7 17. c4 dxc4 18. Nc6 Qe8 19. Qf3 Bd5 20. Bxf6 Rxc6
21. Qxd5 Rd6 22. Qxd6 cxd6 23. Bxe8 Bxf6 24. Bb5 Bxb2 25. Bxc4 1-0

[Event "Lindores Abbey Tal Blitz 2021"]
[Site "Riga"]
[Date "2021.11.08"]
[Round "1.33"]
[White "Shuvalova, Polina"]
[Black "Dreev, Aleksey"]
[Result "0-1"]
[WhiteElo "2515"]
[BlackElo "2635"]
[Annotator "ChessBase"]
[PlyCount "42"]
[EventDate "2021.11.02"]
[EventType "swiss"]
[EventCountry "LAT"]
[SourceTitle "playchess.com"]
[Source "ChessBase"]
[SourceQuality "1"]

1. e4 c6 2. d4 d5 3. e5 c5 4. dxc5 e6 5. Nf3 Bxc5 6. a3 Qb6 7. Qd2 Nc6 8. Bd3
Nd4 9. Nxd4 Bxd4 10. O-O Bxe5 11. Re1 Bf6 12. c4 Ne7 13. Nc3 O-O 14. Qc2 h6 15.
Bf4 Bd7 16. Rad1 Rac8 17. Qd2 dxc4 18. Bb1 Bc6 19. Bxh6 Rfd8 20. Qf4 Qxb2 21.
Qg3 Qxc3 0-1

[Event "Lindores Abbey Tal Blitz 2021"]
[Site "Riga"]
[Date "2021.11.08"]
[Round "1.34"]
[White "Movsesian, Sergei"]
[Black "Javakhishvili, Lela"]
[Result "1-0"]
[WhiteElo "2618"]
[BlackElo "2446"]
[Annotator "ChessBase"]
[PlyCount "53"]
[EventDate "2021.11.02"]
[EventType "swiss"]
[EventCountry "LAT"]
[SourceTitle "playchess.com"]
[Source "ChessBase"]
[SourceQuality "1"]

1. e4 d6 2. d4 Nf6 3. Nc3 g6 4. Be3 c6 5. h3 b5 6. e5 b4 7. exf6 bxc3 8. fxe7
Bxe7 9. bxc3 O-O 10. Nf3 Qa5 11. Qd2 Nd7 12. Bd3 d5 13. O-O c5 14. Rfe1 c4 15.
Bf1 Ba3 16. Bh6 Rd8 17. Rab1 Nf6 18. Ne5 Ne4 19. Qf4 Qc7 20. Rxe4 dxe4 21. Qf6
Bf8 22. Bxc4 Rd7 23. Bxf8 Kxf8 24. Qh8+ Ke7 25. Bxf7 Bb7 26. Qxh7 Kf6 27. Qxg6+
1-0

[Event "Lindores Abbey Tal Blitz 2021"]
[Site "Riga"]
[Date "2021.11.08"]
[Round "1.35"]
[White "Kuybokarov, Temur"]
[Black "Adhiban, B.."]
[Result "0-1"]
[WhiteElo "2549"]
[BlackElo "2672"]
[Annotator "ChessBase"]
[PlyCount "68"]
[EventDate "2021.11.02"]
[EventType "swiss"]
[EventCountry "LAT"]
[SourceTitle "playchess.com"]
[Source "ChessBase"]
[SourceQuality "1"]

1. e4 e5 2. Nf3 Nc6 3. Bb5 f5 4. Nc3 fxe4 5. Nxe4 Nf6 6. Qe2 d5 7. Nxf6+ gxf6
8. d4 e4 9. Nh4 Be6 10. f3 f5 11. g3 Qd7 12. Bf4 a6 13. Bxc6 Qxc6 14. Be5 Rg8
15. O-O-O O-O-O 16. Ng2 Bf7 17. Nf4 Bh6 18. fxe4 fxe4 19. Rhf1 Kb8 20. Rf2 Be6
21. Qe3 Bg4 22. Rdf1 Ka7 23. Kb1 Rd7 24. Rc1 Re8 25. c4 Rxe5 26. dxe5+ d4 27.
Qa3 e3 28. Rff1 e2 29. Rfe1 Bxf4 30. gxf4 d3 31. Qc3 d2 32. Qe3+ b6 33. c5
dxc1=Q+ 34. Rxc1 Rd1 0-1

[Event "Lindores Abbey Tal Blitz 2021"]
[Site "Riga"]
[Date "2021.11.08"]
[Round "1.36"]
[White "Kovalenko, Igor"]
[Black "Sukandar, Irine Kharisma"]
[Result "1-0"]
[WhiteElo "2668"]
[BlackElo "2406"]
[Annotator "ChessBase"]
[PlyCount "139"]
[EventDate "2021.11.02"]
[EventType "swiss"]
[EventCountry "LAT"]
[SourceTitle "playchess.com"]
[Source "ChessBase"]
[SourceQuality "1"]

1. e4 e5 2. Nf3 Nc6 3. Bb5 a6 4. Ba4 Nf6 5. O-O Be7 6. Bxc6 dxc6 7. d3 Nd7 8.
c3 c5 9. Qc2 O-O 10. d4 cxd4 11. cxd4 exd4 12. Nxd4 Bf6 13. Rd1 Qe8 14. Nc3 Nb6
15. Bf4 Be5 16. Bg3 Bxg3 17. hxg3 Qe5 18. Rd3 Be6 19. Rad1 h6 20. b3 Qf6 21.
Nce2 Qe5 22. Nxe6 Qxe6 23. Qxc7 Qxe4 24. Nf4 Qb4 25. Rd4 Qb5 26. Qxb7 Rab8 27.
Qf3 Qa5 28. Qe2 Rfe8 29. Qd2 Qg5 30. Rd6 a5 31. Qd4 Qb5 32. a4 Qb4 33. Qxb4
axb4 34. R1d4 Nc8 35. Rd8 Ne7 36. Rxe8+ Rxe8 37. Rxb4 Nc6 38. Rb6 Re1+ 39. Kh2
Ne5 40. f3 g5 41. Nh5 Kh7 42. g4 Nd3 43. a5 Ra1 44. a6 Nc5 45. b4 Nxa6 46. Nf6+
Kg7 47. Nh5+ Kh7 48. Nf6+ Kg7 49. Nd5 Rd1 50. Ne3 Ra1 51. Nf5+ Kg8 52. Nxh6+
Kh7 53. Nf5 Ra4 54. b5 Nb4 55. Rf6 Nd5 56. Rxf7+ Kg8 57. Rg7+ Kf8 58. Rxg5 Rb4
59. Rh5 Nf4 60. Rh8+ Kf7 61. Rb8 Rb2 62. Kg3 Ne2+ 63. Kh4 Nf4 64. Rb7+ Kf6 65.
Rb6+ Ke5 66. Ne3 Rb1 67. Kg5 Ne6+ 68. Kg6 Nf4+ 69. Kf7 Rb3 70. Rb8 1-0

[Event "Lindores Abbey Tal Blitz 2021"]
[Site "Riga"]
[Date "2021.11.08"]
[Round "1.37"]
[White "Lujan, Carolina"]
[Black "Kryvoruchko, Yuriy"]
[Result "1-0"]
[WhiteElo "2340"]
[BlackElo "2681"]
[Annotator "TA"]
[PlyCount "56"]
[EventDate "2021.11.02"]
[EventType "swiss"]
[EventCountry "LAT"]
[SourceTitle "playchess.com"]
[Source "ChessBase"]
[SourceQuality "1"]

1. e4 e5 2. Nf3 Nc6 3. Bc4 Bc5 4. O-O Nf6 5. d3 d6 6. c3 a6 7. Bb3 O-O 8. h3
Ba7 9. Re1 Re8 10. Nbd2 Be6 11. Bc2 h6 12. Nf1 d5 13. exd5 Bxd5 14. Ng3 Qd7 15.
Be3 Bxe3 16. Rxe3 Rad8 17. Qe2 Bxf3 18. Qxf3 Nd5 19. Ree1 Re6 20. Ne4 Qe7 21.
Bb3 Rg6 22. Bxd5 Rxd5 23. Nf6+ Qxf6 24. Qxd5 Qf5 25. Re3 Rd6 26. Qf3 Qg6 27.
Rae1 a5 28. Qg3 Qf6 1-0

[Event "Lindores Abbey Tal Blitz 2021"]
[Site "Riga"]
[Date "2021.11.08"]
[Round "1.39"]
[White "Munguntuul, Batkhuyag"]
[Black "Vokhidov, Shamsiddin"]
[Result "0-1"]
[WhiteElo "2433"]
[BlackElo "2521"]
[Annotator "ChessBase"]
[PlyCount "96"]
[EventDate "2021.11.02"]
[EventType "swiss"]
[EventCountry "LAT"]
[SourceTitle "playchess.com"]
[Source "ChessBase"]
[SourceQuality "1"]

1. e4 c5 2. Nf3 d6 3. d4 cxd4 4. Nxd4 Nf6 5. Nc3 Nc6 6. Bg5 e6 7. Qd2 a6 8.
O-O-O Bd7 9. f4 Be7 10. Nf3 b5 11. Bxf6 gxf6 12. Kb1 b4 13. Ne2 h5 14. Ned4 Qb6
15. f5 Nxd4 16. Nxd4 e5 17. Nf3 Rc8 18. Bd3 a5 19. Qe2 Rc5 20. Bc4 Qc7 21. b3
Bf8 22. Nd2 h4 23. Nf3 Bc6 24. h3 a4 25. Ne1 Qb7 26. Nd3 Rxc4 27. bxc4 Bxe4 28.
Rhe1 Bxf5 29. c5 b3 30. cxb3 axb3 31. Ka1 dxc5 32. Nxe5 b2+ 33. Qxb2 Qxb2+ 34.
Kxb2 fxe5 35. Rxe5+ Be6 36. Ka3 Rg8 37. Re2 Bg7 38. Ka4 Ke7 39. Kb5 Bd4 40. a4
Kd6 41. a5 Rb8+ 42. Ka6 Bc4+ 43. Ka7 Rb5 44. Re4 Rxa5+ 45. Kb6 Rb5+ 46. Ka7 Bd5
47. Rxh4 Kc7 48. Rhxd4 Ra5# 0-1

[Event "Lindores Abbey Tal Blitz 2021"]
[Site "Riga"]
[Date "2021.11.08"]
[Round "1.40"]
[White "Anton Guijarro, David"]
[Black "Maltsevskaya, Aleksandra"]
[Result "1-0"]
[WhiteElo "2669"]
[BlackElo "2411"]
[Annotator "TA"]
[PlyCount "53"]
[EventDate "2021.11.02"]
[EventType "swiss"]
[EventCountry "LAT"]
[SourceTitle "playchess.com"]
[Source "ChessBase"]
[SourceQuality "1"]

1. Nf3 Nf6 2. b3 c5 3. Bb2 e6 4. c4 b6 5. d3 Bb7 6. e4 d5 7. cxd5 exd5 8. e5
Nfd7 9. d4 cxd4 10. Nxd4 Bb4+ 11. Nd2 O-O 12. f4 Re8 13. Be2 Nc6 14. O-O Nxd4
15. Bxd4 f6 16. Nf3 Qe7 17. Bb5 Bc5 18. Kh1 a6 19. Bxd7 Qxd7 20. exf6 gxf6 21.
Bxf6 Re4 22. Ng5 Qf5 23. Nxe4 dxe4 24. Be5 e3 25. Qe2 Rd8 26. Rad1 Re8 27. b4
1-0

[Event "Lindores Abbey Tal Blitz 2021"]
[Site "Riga"]
[Date "2021.11.08"]
[Round "1.41"]
[White "Girya, Olga"]
[Black "Chigaev, Maksim"]
[Result "0-1"]
[WhiteElo "2402"]
[BlackElo "2626"]
[Annotator "TA"]
[PlyCount "70"]
[EventDate "2021.11.02"]
[EventType "swiss"]
[EventCountry "LAT"]
[SourceTitle "playchess.com"]
[Source "ChessBase"]
[SourceQuality "1"]

1. d4 Nf6 2. Nf3 g6 3. e3 Bg7 4. Be2 O-O 5. O-O d6 6. c4 Nbd7 7. Nc3 e5 8. Qc2
exd4 9. Nxd4 Re8 10. b3 a5 11. Bb2 Nc5 12. Rad1 c6 13. Rfe1 Ng4 14. Bxg4 Bxg4
15. f3 Bd7 16. Qf2 a4 17. b4 a3 18. Ba1 Na4 19. Nxa4 Rxa4 20. Nc2 Bxa1 21. Rxa1
Be6 22. Qf1 c5 23. Rab1 Qf6 24. bxc5 dxc5 25. Rxb7 Bxc4 26. Qf2 Qc3 27. Rbb1
Bxa2 28. Ra1 Be6 29. e4 a2 30. Ne3 Rd8 31. Rec1 Qxc1+ 32. Rxc1 a1=Q 33. Rxa1
Rxa1+ 34. Nf1 Bc4 35. h3 Rxf1+ 0-1

[Event "Lindores Abbey Tal Blitz 2021"]
[Site "Riga"]
[Date "2021.11.08"]
[Round "1.42"]
[White "Volokitin, Andrei"]
[Black "Zhu, Jiner"]
[Result "1-0"]
[WhiteElo "2656"]
[BlackElo "2455"]
[Annotator "ChessBase"]
[PlyCount "39"]
[EventDate "2021.11.02"]
[EventType "swiss"]
[EventCountry "LAT"]
[SourceTitle "playchess.com"]
[Source "ChessBase"]
[SourceQuality "1"]

1. e4 c5 2. Nf3 d6 3. d4 cxd4 4. Nxd4 Nf6 5. Nc3 a6 6. Bg5 Nbd7 7. Bc4 Qb6 8.
O-O Qc5 9. Bd5 e6 10. Re1 exd5 11. exd5+ Kd8 12. Ne4 Qxd5 13. c4 Qa5 14. c5 d5
15. Nd6 Bxd6 16. cxd6 Qb4 17. Nf5 h6 18. Bd2 Qg4 19. Qc2 Nb6 20. Qc7# 1-0

[Event "Lindores Abbey Tal Blitz 2021"]
[Site "Riga"]
[Date "2021.11.08"]
[Round "1.43"]
[White "Budisavljevic, Luka"]
[Black "Deac, Bogdan-Daniel"]
[Result "0-1"]
[WhiteElo "2511"]
[BlackElo "2651"]
[Annotator "ChessBase"]
[PlyCount "58"]
[EventDate "2021.11.02"]
[EventType "swiss"]
[EventCountry "LAT"]
[SourceTitle "playchess.com"]
[Source "ChessBase"]
[SourceQuality "1"]

1. d4 g6 2. c4 Bg7 3. Nc3 d6 4. e4 Nd7 5. Nf3 e5 6. Be2 Ngf6 7. Be3 c6 8. d5 c5
9. Nd2 h5 10. Nb5 Qb6 11. a4 Ke7 12. a5 Qd8 13. O-O a6 14. Nc3 Bh6 15. Bxh6
Rxh6 16. Nf3 h4 17. Qd2 Qh8 18. h3 Nh5 19. Bd1 Ndf6 20. Ng5 Nf4 21. Ne2 Rh5 22.
Nxf4 Rxg5 23. Nd3 Nxe4 24. Qe3 f5 25. f3 Rg3 26. Qe2 Nf6 27. b4 e4 28. bxc5
dxc5 29. Nxc5 Kf7 0-1

[Event "Lindores Abbey Tal Blitz 2021"]
[Site "Riga"]
[Date "2021.11.08"]
[Round "1.44"]
[White "Oparin, Grigoriy"]
[Black "Divya Deshmukh"]
[Result "1-0"]
[WhiteElo "2659"]
[BlackElo "2310"]
[Annotator "ChessBase"]
[PlyCount "54"]
[EventDate "2021.11.02"]
[EventType "swiss"]
[EventCountry "LAT"]
[SourceTitle "playchess.com"]
[Source "ChessBase"]
[SourceQuality "1"]

1. d4 Nf6 2. c4 e6 3. Nf3 d5 4. g3 Be7 5. Bg2 dxc4 6. Qa4+ c6 7. Qxc4 b5 8. Qd3
Bb7 9. Ne5 O-O 10. O-O Qb6 11. a4 a6 12. a5 Qc7 13. Bf4 Bd6 14. Rc1 Rd8 15. Nd2
c5 16. Bxb7 Qxb7 17. dxc5 Bc7 18. Qf3 Nd5 19. c6 Qc8 20. Nxf7 Rf8 21. Nh6+ gxh6
22. Qg4+ Kh8 23. Bxh6 Rf7 24. Nf3 Nf6 25. Qh4 Bd8 26. Ne5 Rc7 27. Bg5 Ng8 1-0

[Event "Lindores Abbey Tal Blitz 2021"]
[Site "Riga"]
[Date "2021.11.08"]
[Round "1.45"]
[White "Assaubayeva, Bibisara"]
[Black "Onyshchuk, Volodymyr"]
[Result "0-1"]
[WhiteElo "2400"]
[BlackElo "2622"]
[Annotator "ChessBase"]
[PlyCount "66"]
[EventDate "2021.11.02"]
[EventType "swiss"]
[EventCountry "LAT"]
[SourceTitle "playchess.com"]
[Source "ChessBase"]
[SourceQuality "1"]

1. d4 d6 2. e4 Nf6 3. Nc3 g6 4. f4 Bg7 5. Nf3 O-O 6. Bd3 Na6 7. O-O c5 8. d5
Bg4 9. a3 Nc7 10. h3 Bxf3 11. Qxf3 a6 12. a4 b6 13. Qe2 Qc8 14. Be3 Qb7 15. Kh2
b5 16. axb5 axb5 17. Rxa8 Rxa8 18. Nxb5 Nxb5 19. Bxb5 Ra2 20. Bc6 Qxb2 21. e5
Ne4 22. e6 f5 23. Rc1 Bd4 24. Be8 Ra3 25. Bf7+ Kf8 26. Bxd4 Qxc1 27. Qb5 Qxf4+
28. Kg1 cxd4 29. Qe8+ Kg7 30. Qg8+ Kf6 31. Qh8+ Kg5 32. Qxd4 Qe5 33. h4+ Kf6
0-1

[Event "Lindores Abbey Tal Blitz 2021"]
[Site "Riga"]
[Date "2021.11.08"]
[Round "1.46"]
[White "Maghsoodloo, Parham"]
[Black "Atalik, Ekaterina"]
[Result "1-0"]
[WhiteElo "2706"]
[BlackElo "2430"]
[Annotator "TA"]
[PlyCount "79"]
[EventDate "2021.11.02"]
[EventType "swiss"]
[EventCountry "LAT"]
[SourceTitle "playchess.com"]
[Source "ChessBase"]
[SourceQuality "1"]

1. Nf3 d5 2. g3 c6 3. Bg2 Nf6 4. O-O Bf5 5. d3 h6 6. Nbd2 e6 7. b3 Be7 8. Bb2
O-O 9. Re1 Bh7 10. a3 c5 11. e4 Nc6 12. Ne5 Nxe5 13. Bxe5 dxe4 14. dxe4 Nd7 15.
Bc3 Qc7 16. Qe2 Rfd8 17. a4 Bf6 18. Bxf6 Nxf6 19. Nc4 e5 20. f3 Nd7 21. Bf1 Nb8
22. Ne3 Nc6 23. c3 f6 24. Qc4+ Kh8 25. Qxc5 Bg8 26. Nd5 Bxd5 27. exd5 Qe7 28.
Qxe7 Nxe7 29. c4 Nf5 30. Kf2 Nd4 31. Rab1 a5 32. Bd3 Rac8 33. f4 Rd6 34. fxe5
fxe5 35. Rxe5 Rb6 36. c5 Rxb3 37. Rxb3 Nxb3 38. c6 bxc6 39. d6 Rd8 40. d7 1-0

[Event "Lindores Abbey Tal Blitz 2021"]
[Site "Riga"]
[Date "2021.11.08"]
[Round "1.47"]
[White "Bivol, Alina"]
[Black "Pichot, Alan"]
[Result "0-1"]
[WhiteElo "2377"]
[BlackElo "2630"]
[Annotator "ChessBase"]
[PlyCount "124"]
[EventDate "2021.11.02"]
[EventType "swiss"]
[EventCountry "LAT"]
[SourceTitle "playchess.com"]
[Source "ChessBase"]
[SourceQuality "1"]

1. e4 e5 2. Nf3 Nc6 3. Nc3 Nf6 4. g3 d5 5. exd5 Nxd5 6. Bg2 Nxc3 7. bxc3 Bd6 8.
O-O O-O 9. Rb1 Rb8 10. d4 exd4 11. cxd4 Bf5 12. Nh4 Bd7 13. c3 b6 14. Qd3 Qf6
15. Be3 Rfe8 16. Rbc1 Ne7 17. c4 Nf5 18. Nxf5 Bxf5 19. Qd2 Be4 20. c5 bxc5 21.
dxc5 Bxg2 22. Kxg2 Be5 23. Kg1 Qc6 24. Rb1 Rbd8 25. Qc2 h5 26. Qf5 g6 27. Qh3
Bd4 28. Bxd4 Rxd4 29. Rfe1 Rxe1+ 30. Rxe1 Qxc5 31. Qc8+ Kg7 32. Re8 Rd1+ 33.
Kg2 Qd5+ 34. Kh3 Qd7+ 35. Qxd7 Rxd7 36. Ra8 Rd2 37. Rxa7 Rxf2 38. Rxc7 Rxa2 39.
Rc4 f5 40. Kh4 Kh6 41. Kh3 Kg5 42. Rb4 Ra6 43. Kg2 Re6 44. Rb2 h4 45. Ra2 Kh5
46. Rb2 g5 47. Kf2 Kg4 48. Rb4+ Kh3 49. gxh4 g4 50. Rf4 Rf6 51. Kg1 Kxh4 52.
Kg2 Kg5 53. Rb4 Rd6 54. Rb2 f4 55. h3 g3 56. Rb4 Rd2+ 57. Kg1 Rf2 58. Rb8 Rh2
59. Rg8+ Kf5 60. Rh8 Ke4 61. h4 Kf3 62. h5 Ra2 0-1

[Event "Lindores Abbey Tal Blitz 2021"]
[Site "Riga"]
[Date "2021.11.08"]
[Round "1.48"]
[White "Van Foreest, Jorden"]
[Black "Zawadzka, Jolanta"]
[Result "1-0"]
[WhiteElo "2701"]
[BlackElo "2429"]
[Annotator "TA"]
[PlyCount "43"]
[EventDate "2021.11.02"]
[EventType "swiss"]
[EventCountry "LAT"]
[SourceTitle "playchess.com"]
[Source "ChessBase"]
[SourceQuality "1"]

1. e4 c5 2. Nf3 e6 3. g3 Nc6 4. Bg2 g6 5. O-O Bg7 6. c3 e5 7. Na3 d6 8. d4 exd4
9. cxd4 cxd4 10. h3 Nge7 11. Nb5 O-O 12. Nbxd4 Nxd4 13. Nxd4 d5 14. exd5 Nxd5
15. Nb3 Nb4 16. Nc5 Rb8 17. Bf4 Qxd1 18. Raxd1 Ra8 19. Nxb7 a5 20. Bd6 Re8 21.
Bxb4 axb4 22. Nd6 1-0